000 00576nam a2200181Ia 4500
008 100920s9999 xx 000 0 und d
082 _b70421
_a--- थ 95
100 _aबापट मुकुंद.
245 _aस्वप्नछाया.
260 _bसूर्याक्षरविविधा, पुणे.
_c1995
300 _a194
_bसाधी
365 _b100
520 _aकादंबरी.
630 _aस्वप्नछाया.
650 _aकादंबरी.
730 _aस्वप्नछाया.
942 _cBOOK
999 _c712436
_d712433